• 首页
  • 本馆介绍
  • 公告通知
  • 最新文献
  • 馆藏检索
  • 电子资源
  • 读者导购
  • 参考咨询
  • 我的图书馆
  • 登录
  • 详细信息显示
  • 放入我的书架
  • 预约/预借图书
  • 作者相关作品
  • 分类相关作品
  • 丛书相关作品
  • 出版社相关作品

书目信息

  • 表格格式
  • 工作单格式
  • 卡片格式
题名:
宇宙之光
    
 
作者: (英) 伊恩·尼科尔森 著
分册:  
出版信息: 南京   江苏凤凰科学技术出版社  2020
页数: 126页
开本: 29cm
丛书名: BBC宇宙三部曲
单 册:
中图分类: P152-49 , P152
科图分类:
主题词: 恒星--普及读物
电子资源:
ISBN: 978-7-5713-1054-7
000 01051nam0 2200265 450
001 2066460663
005 20201201191419.46
010    @a978-7-5713-1054-7@b精装@dCNY68.00
100    @a20200330d2020 em y0chiy0110 ea
101 0  @achi
102    @aCN@b320000
105    @ay z 000yy
200 1  @a宇宙之光@9yu zhou zhi guang@e恒星与超新星@f(英) 伊恩·尼科尔森著
210    @a南京@c江苏凤凰科学技术出版社@d2020
215    @a126页@d29cm
225 2  @aBBC宇宙三部曲
330    @a着眼于我们在天空中能看到的恒星和星座,以及天文学家如何能够揭开恒星的真实面目,并测量它们的距离、亮度、温度和化学成分。它涵盖了许多类型的恒星,包括超巨星、白矮星和爆炸的恒星,还追溯了恒星从形成到最终消亡的发展过程,并解释了为什么几个世纪以来它们对人类的各种文明产生了巨大影响。
410  0 @12001 @aBBC宇宙三部曲
517 1  @a恒星与超新星@AHeng Xing Yu Chao Xin Xing
606 0  @a恒星@j普及读物
690    @aP152-49@v5
690    @aP152@v4
701  0 @a(英) 伊恩·尼科尔森@9yi en ni ke er sen@4著
801  2 @aCN@b58marc.cn@c2020-03-30
905    @aZUCC@dP152@e2
    
    宇宙之光:恒星与超新星/(英) 伊恩·尼科尔森著.-南京:江苏凤凰科学技术出版社,2020
    126页;29cm.-(BBC宇宙三部曲)
    
    
    ISBN 978-7-5713-1054-7(精装):CNY68.00
    着眼于我们在天空中能看到的恒星和星座,以及天文学家如何能够揭开恒星的真实面目,并测量它们的距离、亮度、温度和化学成分。它涵盖了许多类型的恒星,包括超巨星、白矮星和爆炸的恒星,还追溯了恒星从形成到最终消亡的发展过程,并解释了为什么几个世纪以来它们对人类的各种文明产生了巨大影响。
●
相关链接 在五车中查询图书 在当当中查询图书 在豆瓣中查询图书


正题名:宇宙之光     索取号:P152/2         预约/预借

序号 登录号 条形码 馆藏地/架位号 状态 备注
1 2000873975   2000873975   第二书库/ [索取号:P152/2] 在馆    
2 2000873976   2000873976   第二书库/ [索取号:P152/2] 在馆    
3 2000873977   2000873977   第二书库/ [索取号:P152/2] 在馆    
山东省滨州职业学院图书馆 欢迎您!
大连网信软件有限公司© 版权所有